000 01065 a2200217 4500
005 20080915162847.0
008 080915t xxu||||| |||| 00| 0 hin d
010 _aHIN-80854
020 _a8176751774
_c400.00
035 _aHN-53200
037 _bD.B.Act / pub
082 _a305.4
100 _aशर्मा, सुभाष
245 _aभारतीय महिलाओं की दशा
_cसुभाष शर्मा
246 _aBhaartiya Mahilaon ki Dashaa
_bby Subhash Sharma
260 _aपंचकूला
_bआधार प्रकाशन
_c2006
300 _a351पृ
_c22 सेमी (सजिल्द)
270 _aएस.सी.एफ 267, सेक्टर-16
_bपंचकूला
_e134113(हरियाणा)
942 _adpl
_cHN
_k305.4 / शर्मासु
_2ddc
_h305.4
_mशर्मासु
999 _c7183
_d7183